HZ. MUHAMMEDİN HAYATI (Kayıt no. 776527)

MARC ayrıntıları
000 -LEADER
sabit uzunluktaki kontrol alanı 00255nam a2200097Ia 4500
001 - KONTROL NUMARASI
kontrol alanı 776527
005 - EN SON İŞLEMİN TARİH VE ZAMANI
kontrol alanı 20250826165849.0
008 - SABİT-UZUNLUKTA VERİ ÖĞELERİ--GENEL BİLGİ
sabit uzunluktaki kontrol alanı 250824s9999 xx 000 0 und d
245 #0 - ESER / YAZAR
ESER ADI HZ. MUHAMMEDİN HAYATI
Yazar Adı CASİM AVCI
260 ## - YAYIN, DAĞITIM, VB.
YAYIN EVİ DİYANET İŞLERİ YAYINLARI
Mevcut
Düşüm durumu Kayıp durumu Hasar Durumu Ödünç verilmez Ana kütüphane Geçerli Kütüphane Edinilen tarih Toplam ödünç verme sayısı Barkod İade tarihi Son görüntüleme tarihi Son ödünç verme tarihi Fiyatın geçerli olmaya başladığı tarih Koha materyal türü
        ÖMER CEMİLE GÜLER İMAM HATİP ORTAOKULU ÖMER CEMİLE GÜLER İMAM HATİP ORTAOKULU 24.08.2025 1 10083819 28.04.2026 13.04.2026 13.04.2026 26.08.2025 Kitaplar
Gemini Bilgi Teknolojileri A.Ş. tarafından düzenlenmiştir.